Odgadnij film lub serial na podstawie 3 słów. - Statystyki

Ogólne statystyki
  • Ten quiz został rozwiązany 90 razy
  • Średni wynik to 5 z 13
Statystyki odpowiedzi
słowa serial/film % Poprawnych
ogr,wieża,księżniczka Shrek
96%
więzienie,egzekucja,mila Zielona Mila
74%
rak,narkotyki,Heisenberg Breaking Bad
72%
smoki,tron,mróz Gra o tron
67%
Joker,Gotham,Harvey Mroczny Rycerz
47%
więzienie,bankier,kamienie Skazani na Shawshank
33%
niewidomy,prawnik,walka Daredevil
29%
Sauron,pierścień,Szeoba Władca Pierścieni:Powrót króla
24%
kosmos,uprawy,Gargantua Interstellar
22%
alkohol,naukowiec,multiversum Rick i Morty
18%
Mayhem,mydło,bezsenność Podziemny krąg
17%
magia,Zaun,Piltover Arcane
16%
dentysta,niewolnictwo,żona Django
11%
Nie znaleziono quizów pasujących do podanych kryteriów
Rozkład punktacji
Procent ludzi z każdym wynikiem
Percentyl według liczby udzielonych odpowiedzi
Twoja historia wyników
Nie rozwiązałeś tego quizu